| Tag |
First Indicator |
Second Indicator |
Subfields |
| LEADER |
00000cam a2200000 4500 |
| 001 |
in00000057276 |
| 005 |
20151008051456.0 |
| 008 |
750401s1943 pau 00000 eng u |
| 010 |
|
|
|a 43003566
|
| 035 |
|
|
|a (OCoLC)01245816
|
| 035 |
|
|
|9 AAG8147AM
|
| 040 |
|
|
|c CPL
|d TXA
|d UtOrBLW
|
| 049 |
|
|
|a TXAM
|c 1 [116716]
|a TXAS [mil]
|c 2
|
| 050 |
0 |
0 |
|a U110
|b .M5 1943
|
| 082 |
0 |
|
|a 355.14
|
| 092 |
|
|
|a 355.14
|b M644i
|
| 110 |
2 |
|
|a Military Service Publishing Company.
|
| 245 |
1 |
0 |
|a Identification :
|b the world's military, naval and air uniforms, insignia and flags.
|
| 250 |
|
|
|a 1st ed.
|
| 264 |
|
1 |
|a Harrisburg, Pa. :
|b The Military service publishing company,
|c 1943.
|
| 300 |
|
|
|a 300 pages :
|b illustrations (some color) ;
|c 21 cm.
|
| 336 |
|
|
|a text
|b txt
|2 rdacontent
|
| 337 |
|
|
|a unmediated
|b n
|2 rdamedia
|
| 338 |
|
|
|a volume
|b nc
|2 rdacarrier
|
| 650 |
|
0 |
|a Military art and science
|v Soldiers' handbooks.
|
| 650 |
|
0 |
|a Military uniforms.
|
| 650 |
|
0 |
|a Armies
|x Insignia.
|
| 650 |
|
0 |
|a Military art and science
|v Terminology.
|
| 650 |
|
0 |
|a Flags.
|
| 999 |
|
|
|a MARS
|
| 999 |
f |
f |
|s e11b36db-ce7b-3d1e-a6ac-d591f0cf1e0b
|i b203f3f2-bdaf-3c46-a996-20d009044f68
|t 0
|
| 952 |
f |
f |
|p noncirc
|a Texas A&M University
|b College Station
|c Cushing Memorial Library & Archives
|d Cushing: Ragan Military (Does not check out)
|t 0
|e U110 .M5 1943
|h Library of Congress classification
|i unmediated -- volume
|
| 998 |
f |
f |
|a U110 .M5 1943
|t 0
|l Cushing: Ragan Military (Does not check out)
|